Komunikace je také součást logistiky

Rozširovanie logistických reťazcov o doplnkové činnosti, ktoré vytvárajú podmienky pre úspešnú realizáciu obchodných aktivít firmy. Rozšírenie povedomia laickej a odbornej verejnosti. Príprava efektívnej komunikácie. Informačné priority.

Guardado en:
Detalles Bibliográficos
Autor principal: Novák, Jaroslav
Formato: Capítulo de libro
Lenguaje:checo
Materias:
Etiquetas: Agregar Etiqueta
Sin Etiquetas, Sea el primero en etiquetar este registro!

MARC

LEADER 00000naa a2200000 4500
001 r032874
005 20230922090330.0
041 0 |a cze 
044 |a CZ 
245 1 0 |a Komunikace je také součást logistiky  |c Jaroslav Novák 
520 |a Rozširovanie logistických reťazcov o doplnkové činnosti, ktoré vytvárajú podmienky pre úspešnú realizáciu obchodných aktivít firmy. Rozšírenie povedomia laickej a odbornej verejnosti. Príprava efektívnej komunikácie. Informačné priority. 
610 2 0 |a komunikácia marketingová 
610 2 0 |a logistika integrovaná 
610 2 0 |a firmy 
610 2 0 |a podnikanie 
610 2 0 |a služby 
610 2 0 |a zákazníci 
610 2 0 |a manažéri 
100 1 |a Novák, Jaroslav